[Event "Asia-ch Amateur"]
[Site "Muscat"]
[Date "2022.10.02"]
[Round "5"]
[White "Al Yahmadi, Anas"]
[Black "Hayabik, Husain"]
[Result "0-1"]
[WhiteElo "1365"]
[BlackElo "1828"]
[PlyCount "70"]
[EventDate "2022.09.29"]
[EventType "swiss"]
[EventRounds "9"]
[EventCountry "OMN"]
[SourceTitle "CBM 210 Extra"]
[Source "ChessBase"]
[SourceDate "2022.11.30"]
[SourceVersion "1"]
[SourceVersionDate "2022.11.30"]
[SourceQuality "1"]

1. e4 e5 2. Nf3 Nc6 3. d4 exd4 4. Bc4 Nf6 5. e5 d5 6. Bb5 Ne4 7. Nxd4 Bd7 8. Nxc6 bxc6 9. Ba4 Nxf2 10. Kxf2 Qh4+ 11. g3 Bc5+ 12. Be3 Bxe3+ 13. Kxe3 Qxa4 14. Nc3 Qa6 15. Re1 Qb6+ 16. Kf3 Qxb2 17. Qd3 Qb4 18. Rab1 Qg4+ 19. Kg2 0-0 20. a3 Bf5 21. Qd2 d4 22. Na2 Be4+ 23. Kg1 Qf3 24. Rxe4 Qxe4 25. Re1 Qd5 26. Nb4 Qc5 27. Qd3 a5 28. Na2 Rfe8 29. Re4 Rad8 30. Kf2 Rxe5 31. Rxe5 Qxe5 32. c3 Qf6+ 33. Kg2 dxc3 34. Qc4 Rd2+ 35. Kh1 Qf3+ 0-1

[Event "Asia-ch Amateur"]
[Site "Muscat"]
[Date "2022.10.01"]
[Round "3"]
[White "Muhammed, Zahid"]
[Black "Hayabik, Husain"]
[Result "1-0"]
[WhiteElo "1677"]
[BlackElo "1828"]
[PlyCount "105"]
[EventDate "2022.09.29"]
[EventType "swiss"]
[EventRounds "9"]
[EventCountry "OMN"]
[SourceTitle "CBM 210 Extra"]
[Source "ChessBase"]
[SourceDate "2022.11.30"]
[SourceVersion "1"]
[SourceVersionDate "2022.11.30"]
[SourceQuality "1"]

1. e4 e5 2. Nf3 Nc6 3. d4 exd4 4. Bc4 Nf6 5. 0-0 d6 6. Ng5 Ne5 7. Be2 h6 8. Nf3 Nxe4 9. Qxd4 Nc5 10. Nxe5 dxe5 11. Qxe5+ Qe7 12. Qe3 Qxe3 13. Bxe3 Bd6 14. Nc3 0-0 15. Nb5 Na4 16. Nxd6 cxd6 17. b3 Nc3 18. Bf3 Bf5 19. Bxb7 Rab8 20. Bf3 a5 21. a4 Rfc8 22. Bd4 Ne4 23. Rfc1 Nd2 24. Bd1 d5 25. Be3 Ne4 26. c4 dxc4 27. bxc4 Nc5 28. Bxc5 Rxc5 29. Ra3 Rb4 30. Rac3 Bd7 31. f3 Bxa4 32. Bxa4 Rxa4 33. Kf2 Ra2+ 34. R1c2 Ra1 35. Ke3 Rd1 36. Rd3 Ra1 37. Kd4 Rc8 38. c5 Rd8+ 39. Ke3 Re1+ 40. Kd2 Rxd3+ 41. Kxd3 Re7 42. Kc4 Kf8 43. c6 Ke8 44. Rd2 Re1 45. Kb5 Rb1+ 46. Kxa5 Ke7 47. c7 Rc1 48. Kb6 Rb1+ 49. Ka7 Rc1 50. Kb8 Rb1+ 51. Kc8 g5 52. Re2+ Kf6 53. Re4 1-0